1850 1643 1057 1254 1283 1203 1994 1673 1317 1417 1676 1244 1808 1764 1356 1246 1074 1657 1904 1873 1058 1423 1074 1455 1707 1792 1491 1151 1923 1144 1967 1484 1279 1172 1053 1369 1119 1164 1888 1587 1491 1978 1416 1281 1043 1618 1816 1050 1243 1277 1266 1409 1439 1581 1191 1921 1547 1664 1026 1302 1370 1079 1021 1280 1352 1562 1204 1004 1544 1969 1753 1418 1788 1262 1027 1885 1483 1584 1093 1770 1422 1063 1304 1268 1653 1584 1127 1705 1085 1730 1530 1511 1579 1518 1960 1117 1621 1007 1248 BCNSPRNW ULIB Ver.6.0+V

เปลี่ยนเป็นภาษาไทย

Change to English
 แสดงรายละเอียดบรรณานุกรม
  กลับหน้าหลัก

Brief Record : Get Marc (ISO 2709) : E-mail record : QR code < ปิดหน้าต่าง
LEADER : 00000nam 2200000uu 4500
001    13399115167
003     ULIB
008    120715s2550||||th 000 0 tha d
020    ^a9789747306174
050  4 ^aPE1271^bก975ก 2550
100 0  ^aไกรคุง อนัคฆกุล
245 00 ^aกริยา 3 ช่อง และการใช้Tenses (รูปแบบใหม่)/^cไกรคุง อนัคฆกุล
260    ^aกรุงเทพฯ:^bปัญญาชน,^c2550
300    ^a171 หน้า :^bภาพประกอบ
650  7 ^aภาษาอังกฤษ^xกริยา
945    ^p75^l0^i18087
995    ^aกัณชพร
999    ^aใช้งานได้ทุกระบบ
รายการนี้ยังไม่มีแท็ก
คุณยังไม่ได้ล็อกอิน คุณสามารถมีกิจกรรมร่วมกับเว็บไซต์ได้ แต่ต้องล็อกอินก่อน ::
  ล็อกอิน

รายการสื่อสารสนเทศ

ลำดับที่ ประเภท เลขเรียก/บาร์โค้ด สถานที่ สถานะ
- ไม่พบข้อมูล -

รายการใกล้เคียง
    ผู้แต่ง [ไกรคุง อนัคฆกุล]

BibComment


ยังไม่เคยถูกคอมเมนท์

คอมเมนท์ทรัพยากรรายการนี้
  คอมเมนท์: กริยา 3 ช่อง และ..


 Copyright 2026. Bcnsprnw @Library